Ludvik Kuba jako ludowědnik
| Titel: | Ludvik Kuba jako ludowědnik |
|---|---|
| Verfasser: | |
| In: |
Rozhlad, Band 43 (1993), Seite 162 alle Artikel anzeigen |
| Veröffentlicht: | 1993 čo |
| Format: | Aufsatz |
| Sprache: | Sorbisch |
X
alg: 39456432 001A $01999:12-11-16 001B $01999:30-05-21 $t14:35:45.000 001D $01999:12-11-16 001U $0utf8 001X $00 002@ $0Aox 003@ $0394564324 007A $0394564324 $aHEB 007T $0Herdww010049 010@ $awen 011@ $a1993 $n1993 čo 021A $aLudvik Kuba jako ludowědnik 028A $aNawka $dBłažij 031A $d43 $h162 $j1993 039B $aIn $8--Abvc--. Rozhlad. - Bautzen : Domowina, 1950-. - ISSN 0557-4250 $x199300000430000838 $9047452528 045F $a929.094371 $eDDC23BSB 045F/01 $a929 045F/03 $g4371 045F/03 $g4385 lok: 39456432 78 exp: 39456432 78 1 #EPN 201B/01 $020-05-19 $t22:53:19.000 201U/01 $0utf8 203@/01 $0790674750 208@/01 $a12-11-16 $be 209A/01 $a/ $f000 $x00 220C/01 $aTitelaufnehmer: TJ 220C/01 $aHerkunft: IH UWr 244Z/01 $2Trx $#Silesia $#Śląsk $#Sliezsko $#Slezsko $8--Trx--Schlesien $x01 $9391173987 244Z/01 $#Tschechien $#Tschechische Republik $#Tschechische Republik $#Tschechenland $#Tschechei Tschechien $#Česká Republika $#Czech Republic $#ČR $74303381-7 $8--Tg1--Tschechien $x02 $9086659812 244Z/01 $2Trx $#Böhmen $#Bohemia $#Czechy $8--Trx--Čechy $x03 $9391188941 244Z/01 $#Prag $#Hlavni Město Praha $#Hauptstadt Prag $#Prag Kraj $#Bezirk Prag $#Praha $#Prague $#Praga $#Praag $74076310-9 $8--Tg1--Prag $x04 $9085216283 244Z/01 $#Nördliche Lausitz $#Lausitz, Nord $#Markgrafthum Nieder-Lausitz $#Niederlausitz, Landes-Versammlung $#Landes-Versammlung Niederlausitz $#Markgraftum Niederlausitz $74042205-7 $8--Tg1--Niederlausitz $x05 $908511653X 244Z/01 $#Lausitz, Süd $#Südliche Lausitz $74042942-8 $8--Tg1--Oberlausitz $x06 $9085119431 244Z/01 $aGeschichte 1863-1956 $x07 244Z/01 $2Trx $8--Trx--Kuba, Ludvík$Z1863-1956 $x08 $9390855405 244Z/01 $2Trx $#etnograafid $#etnografai $#ethnographers $#néprajzkutató $#etnografowie $#etnografi $#etnografové $#Ethnographen $#národopisci $#národopisci $8--Trx--Volkskundler $x09 $9391369083 244Z/01 $2Trx $8--Trx--Zeitschriftenaufsatz $x10 $9391384341 245Z/01 $a12.03 $x01 247C/01 $82080>Marburg/Lahn, Herder-Institut, Forschungsbibliothek, Bibliographieportal $9336309341
| LEADER | 00000caa a22000002c 4500 | ||
|---|---|---|---|
| 001 | 394564324 | ||
| 003 | DE-603 | ||
| 005 | 20210530143545.0 | ||
| 007 | tu | ||
| 008 | 161112s1993 xx |||| | u00||u|wen c | ||
| 035 | |a (DE-599)HEB394564324 | ||
| 040 | |a DE-603 |b ger |c DE-603 |d DE-603 | ||
| 041 | |a wen | ||
| 082 | 0 | 4 | |8 1\u |a 929.094371 |q DE-101 |2 23/BSB |
| 085 | |8 1\u |b 929 | ||
| 085 | |8 1\u |z 2 |s 4371 | ||
| 085 | |8 1\u |z 2 |s 4385 | ||
| 100 | 1 | |a Nawka, Błažij | |
| 245 | 0 | 0 | |a Ludvik Kuba jako ludowědnik |
| 264 | 0 | |c 1993 čo | |
| 773 | 0 | 8 | |i In |t Rozhlad |d Bautzen : Domowina, 1950- |h 24 cm |x 0557-4250 |g Band 43 (1993), Seite 162 |w (DE-603)047452528 |w (DE-600)280835-3 |
| 924 | 0 | |9 2080 |a (DE-603)790674750 |b DE-2080 |c HES |d d |g / | |


